Normal view MARC view
  • Chapra, Steven C.

Entry Personal Name

Number of records used in: 15

001 - CONTROL NUMBER

  • control field: 132

003 - CONTROL NUMBER IDENTIFIER

  • control field: Nust

005 - DATE AND TIME OF LATEST TRANSACTION

  • control field: 20170508125449.0

008 - FIXED-LENGTH DATA ELEMENTS

  • fixed length control field: 170508|| aca||aabn | a|a d

040 ## - CATALOGING SOURCE

  • Original cataloging agency: Nust
  • Transcribing agency: Nust

100 ## - HEADING--PERSONAL NAME

  • Personal name: Chapra, Steven C.

670 ## - SOURCE DATA FOUND

  • Source citation: Work cat.: (Nust)0: Chapra, Steven C., Numerical methods for engineers :, c1998.
© 2023 Central Library, National University of Sciences and Technology. All Rights Reserved.